Managing your company's finances

Bibliographic Details
Main Authors: Hargreaves, Richard L. (Author), Smith, Robert H. (Author)
Format: Book
Published: London : Heinemann , 1981
Subjects:

MARC

LEADER 00000cam a2200000 7i4500
001 0000006533
005 20021119093000.0
008 021119n
020 |a 434906867 
050 0 0 |a HG4026   |b .H373 
090 0 0 |a HG4026   |b .H373 
100 0 |a Hargreaves, Richard L. ,   |e author 
245 0 0 |a Managing your company's finances   |c Richard L. Hargreaves and Robert H. Smith 
260 2 |a London :   |b Heinemann ,   |c 1981 
300 |a 191 p. ; ;   |c 22 cm. 
500 |a Includes index 
650 0 |a Business enterprises   |x Finance 
700 0 |a Smith, Robert H. ,   |e author 
999 |a 1000018069   |b Book   |c OPEN SHELF (30 DAYS)   |e Gong Badak Campus